Формирование культуры здоровья воспитателя дошкольного образовательного учреждения (Запись № 984160)

Подробности
000 -МАРКЕР
контрольное поле 02180nam0a2200397 4500
001 - ИДЕНТИФИКАТОР ЗАПИСИ
контрольное поле RU\NLR\bibl\1369371
005 - ИДЕНТИФИКАТОР ВЕРСИИ
контрольное поле 20260405200735.0
010 ## - МЕЖДУНАРОДНЫЙ СТАНДАРТНЫЙ НОМЕР КНИГИ (ISBN)
Номер (ISBN) 978-5-86229-115-5
Тираж 200
021 ## - НОМЕР ГОСУДАРСТВЕННОЙ РЕГИСТРАЦИИ
Код страны Российская Федерация
Номер 2009-21518
Номер Листа государственной регистраци 1272
035 ## - ДРУГИЕ СИСТЕМНЫЕ НОМЕРА
Идентификатор записи (nilc)RSL-KNO-004266729
035 ## - ДРУГИЕ СИСТЕМНЫЕ НОМЕРА
Идентификатор записи (NLR Aleph) 001361508
100 ## - ДАННЫЕ ОБЩЕЙ ОБРАБОТКИ
Данные общей обработки 20090318d2008 |||y0rusy50 ca
101 0# - ЯЗЫК РЕСУРСА
Язык текста, звукозаписи и т.д. русский
102 ## - СТРАНА ПУБЛИКАЦИИ ИЛИ ПРОИЗВОДСТВА
Страна публикации Российская Федерация
105 ## - ПОЛЕ КОДИРОВАННЫХ ДАННЫХ: ТЕКСТОВЫЕ МАТЕРИАЛЫ, МОНОГРАФИЧЕСКИЕ
Кодированные данные о монографическом текстовом документе a |||||||||
200 1# - ЗАГЛАВИЕ И СВЕДЕНИЯ ОБ ОТВЕТСТВЕННОСТИ
Основное заглавие Формирование культуры здоровья воспитателя дошкольного образовательного учреждения
Сведения, относящиеся к заглавию монография
Первые сведения об ответственности Карасёва Т. В., Семёнова А. Ю., Толстова С. Ю.
Последующие сведения об ответственности Федеральное агентство по образованию, Гос. образовательное учреждение высш. профессионального образования "Шуйский гос. педагогический ун-т", "Межрегиональный аналитический центр "Акме"
210 ## - ПУБЛИКАЦИЯ, РАСПРОСТРАНЕНИЕ И ДР.
Место издания, распространения и т.д. Шуя
Имя издателя, распространителя и т. д. ШГПУ
Дата издания, распространения и т.д. 2008
215 ## - ФИЗИЧЕСКАЯ ХАРАКТЕРИСТИКА
Специфическое обозначение материала и объем 228 с.
Другие сведения о физической характеристике ил., табл.
Размеры 21
225 1# - СЕРИЯ
Основное заглавие серии Здоровьесберегающие технологии в образовании
300 ## - ОБЩИЕ ПРИМЕЧАНИЯ
Текст примечания На тит.л. и обл.: К 90-летию образования в Иван. обл.
320 ## - ПРИМЕЧАНИЯ О НАЛИЧИИ В ДОКУМЕНТЕ БИБЛИОГРАФИИ / УКАЗАТЕЛЯ
Текст примечания Библиогр.: с. 171-210
606 1# - НАИМЕНОВАНИЕ ТЕМЫ КАК ПРЕДМЕТ
Наименование темы Воспитатели дошкольных учреждений
Тематический подзаголовок Подготовка по валеологии
Системный номер авторитетной/нормативной записи 2113525
Идентификатор авторитетной/нормативной записи RU\NLR\AUTH\661580569
686 1# - ИНДЕКСЫ ДРУГИХ КЛАССИФИКАЦИЙ
Индекс Ч479.518.1
686 1# - ИНДЕКСЫ ДРУГИХ КЛАССИФИКАЦИЙ
Индекс Ч489.518.1
700 #1 - ИМЯ ЛИЦА - ПЕРВИЧНАЯ ОТВЕТСТВЕННОСТЬ
Код отношения Автор
Графика поля Кириллица
Материалы, к которым относится поле rus
Начальный элемент ввода Карасева
Часть имени, кроме начального элемента ввода Т. В.
Дополнения к именам, кроме дат д-р мед. наук
Даты 1961-
Расширение инициалов личного имени Татьяна Вячеславовна
Системный номер авторитетной/нормативной записи 71277
Идентификатор авторитетной/нормативной записи RU\NLR\AUTH\7788349
701 #1 - ИМЯ ЛИЦА - АЛЬТЕРНАТИВНАЯ ОТВЕТСТВЕННОСТЬ
Код отношения Автор
Графика поля Кириллица
Материалы, к которым относится поле rus
Начальный элемент ввода Семенова
Часть имени, кроме начального элемента ввода А. Ю.
Дополнения к именам, кроме дат канд. пед. наук
Расширение инициалов личного имени Антонина Юрьевна
Системный номер авторитетной/нормативной записи 71276
Идентификатор авторитетной/нормативной записи RU\NLR\auth\7788348
701 #1 - ИМЯ ЛИЦА - АЛЬТЕРНАТИВНАЯ ОТВЕТСТВЕННОСТЬ
Начальный элемент ввода Толстова
Часть имени, кроме начального элемента ввода С. Ю.
Расширение инициалов личного имени Светлана Юрьевна
Код отношения Автор
801 #0 - ИСТОЧНИК ЗАПИСИ
Страна Российская Федерация
Организация РГБ
Дата составления 20090318
Правила каталогизации rcr
801 #1 - ИСТОЧНИК ЗАПИСИ
Страна Российская Федерация
Организация РГБ
Дата составления 20090318
801 #2 - ИСТОЧНИК ЗАПИСИ
Страна Российская Федерация
Организация NLR
Дата составления 20090515
Правила каталогизации rcr
942 ## - ДОПОЛНИТЕЛЬНЫЕ ЭЛЕМЕНТЫ ЗАПИСИ (АБИС)
Тип экземпляра АБИС Книга
980 ## - КОЛЛЕКЦИЯ
Название коллекции Национальная библиография
980 ## - КОЛЛЕКЦИЯ
Название коллекции НБР
Экземпляры
Тип экземпляра Дата поступления Источник поступления Библиотека постоянного хранения Библиотека текущего хранения Место хранения Шифр хранения Штрих-код Статус экземпляра
Книга 15.05.2009 Обязательный экземпляр РНБ (Московский) РНБ (Московский) Русский книжный фонд: издания с 1957 года 2009-3/16178 2920900